Đang tải...

The Physics of Nanoelectronics

Chi tiết về thư mục
Tác giả chính: Heikkila
Được phát hành: OUP 2013
LEADER 00175 a2200085 4500
100 |a Heikkila 
245 |a The Physics of Nanoelectronics 
260 |c 2013  |b OUP 
942 |c BK  |6 _ 
999 |c 69806  |d 69806